Proceedings of the New York State Historical Association

محفوظ في:

التنسيق: دورية

اللغة: Undetermined

منشور في: JSTOR
Fenimore Art Museum

الوصول للمادة أونلاين: Login to view Source

الوسوم: إضافة وسم

لا توجد وسوم, كن أول من يضع وسما على هذه التسجيلة!

رقم الطلب:

LEADER 00588nas a2200157Ia 4500
008 220214c99999999xx |||||||||||| ||und||
022 |a 0146-3500 
245 0 0 |a Proceedings of the New York State Historical Association 
264 1 |b JSTOR 
264 1 |b Fenimore Art Museum 
362 0 |a Vol. 2(1902)-17 (1919) 
500 |a Content for this title is released as soon as the latest issues become available to JSTOR. 
856 4 0 |u https://www.jstor.org/journal/procnewyorkstat 
942 |c JL 
952 |0 0  |1 0  |4 0  |7 1  |9 36765  |a JSR  |b JSR  |d 2022-02-14  |l 0  |r 2022-02-14 00:00:00  |w 2022-02-14  |y JL 
999 |c 45097  |d 45097